000
00281nam a22001337a 4500
003
SGT
082
_a
615.53
_b
Y15S
100
_a
SASTRI,VAIDYA LAXMIPATI
245
_a
YOGARATNAM
260
_a
VARANASI
_b
CHAUKHAMBHA
_c
2015
300
_a
504
650
_a
AYURVEDA
942
_2
ddc
_c
BK
_0
5
999
_c
8450
_d
8450